Автоматизация производственных процессов в машиностроении: учебник

Dades bibliogràfiques
Altres autors: Житников Ю. З. Юрий Захарович, Житников Б. Ю. Борис Юрьевич, Схиртладзе А. Г. Александр Георгиевич, Симаков А. Л. Александр Леонидович, Воркуев Д. С. Дмитрий Сергеевич
Sumari:Изложено теоретическое описание и практический подход к разработке средств автоматизации технологических процессов изготовления, сборки и контроля изделий. Приведены алгоритмы и структурные схемы управления процессами автоматизации. Изложено теоретическое описание и практический подход к разработке средств автоматизации технологи­ческих процессов изготовления, сборки и контроля изде­лий. Приведены алгоритмы и структурные схемы управ­ления процессами автоматизации.
Idioma:rus
Publicat: Старый Оскол, ТНТ, 2009
Matèries:
Format: MixedMaterials Llibre
KOHA link:https://koha.lib.tpu.ru/cgi-bin/koha/opac-detail.pl?biblionumber=179833

MARC

LEADER 00000nam0a2200000 4500
001 179833
005 20231101223513.0
010 |a 9785941782178 
035 |a (RuTPU)RU\TPU\book\194942 
090 |a 179833 
100 |a 20100429d2009 m y0rusy50 ca 
101 0 |a rus 
102 |a RU 
105 |a a j 001zy 
200 1 |a Автоматизация производственных процессов в машиностроении  |e учебник  |f Ю. З. Житников [и др.] 
210 |a Старый Оскол  |c ТНТ  |d 2009 
215 |a 656 с.  |c ил. 
318 |5 63413507  |a Современные проблемы машиностроения  |b выставка 
320 |a Библиогр.: с. 647-655. 
330 |a Изложено теоретическое описание и практический подход к разработке средств автоматизации технологических процессов изготовления, сборки и контроля изделий. Приведены алгоритмы и структурные схемы управления процессами автоматизации. Изложено теоретическое описание и практический подход к разработке средств автоматизации технологи­ческих процессов изготовления, сборки и контроля изде­лий. Приведены алгоритмы и структурные схемы управ­ления процессами автоматизации. 
606 1 |a Машиностроение  |x Производственные процессы  |x Автоматизация  |2 stltpush  |3 (RuTPU)RU\TPU\subj\69740  |9 84445 
610 1 |a детали 
610 1 |a изготовление 
610 1 |a контроль 
610 1 |a заготовки 
610 1 |a автоматизированная подача 
610 1 |a загрузочные устройства 
610 1 |a крупногабаритные детали 
610 1 |a технологические процессы 
610 1 |a роботизация 
610 1 |a автоматизированная сборка 
610 1 |a конструкторская подготовка 
610 1 |a технологическая подготовка 
610 1 |a сборочное оборудование 
610 1 |a режимы работы 
610 1 |a уплотнения 
610 1 |a скрепляемые детали 
610 1 |a автоматизированная установка 
610 1 |a завинчивающие устройства 
610 1 |a системы управления 
610 1 |a ремонт 
610 1 |a учебники 
675 |a 621.002:658.5.011.56(075.8)  |v 3 
701 1 |a Житников  |b Ю. З.  |g Юрий Захарович 
701 1 |a Житников  |b Б. Ю.  |g Борис Юрьевич 
701 1 |a Схиртладзе  |b А. Г.  |g Александр Георгиевич 
701 1 |a Симаков  |b А. Л.  |g Александр Леонидович 
701 1 |a Воркуев  |b Д. С.  |g Дмитрий Сергеевич 
801 1 |a RU  |b 63413507  |c 20100429 
801 2 |a RU  |b 63413507  |c 20150605  |g RCR 
900 |a Автоматизированные технологии производства 
942 |c BK 
959 |a 28/20100429  |d 2  |e 495,00  |f АНЛ:1  |f ЧЗТЛ:1